Saudade : the possibilities of place /

Bibliographic Details
Main Author: See, Anik
Format: Book
Language:English
Published: Toronto : Coach House Books, [2008]
Edition:1st ed.
Subjects:

MARC

Tag First Indicator Second Indicator Subfields
LEADER 00000cam a2200000 a 4500
001 in00002417455
005 20151110072552.0
008 080616s2008 oncab 000 edeng c
010 |a  2008472797 
016 |a 2008903533X 
020 |a 9781552452073 
020 |a 1552452077 
029 1 |a NLC  |b 2008903533X 
035 |a (OCoLC)ocn221160704 
035 |a (OCoLC)221160704 
040 |a NLC  |c PUL  |d NLC  |d BTCTA  |d BAKER  |d YDXCP  |d CDX  |d C#P  |d BWX  |d DLC  |d UtOrBLW 
042 |a pcc 
049 |a TXAM 
050 0 0 |a PR9199.4.S444  |b S28 2008 
055 0 |a PS8587 E3466  |b S26 2008 
082 0 |a C818/.603  |2 22 
082 0 0 |a 814/.6  |2 22 
100 1 |a See, Anik. 
245 1 0 |a Saudade :  |b the possibilities of place /  |c Anik See. 
250 |a 1st ed. 
264 1 |a Toronto :  |b Coach House Books,  |c [2008] 
264 4 |c ©2008 
300 |a 197 pages :  |b illustrations, maps ;  |c 19 cm. 
336 |a text  |b txt  |2 rdacontent 
337 |a unmediated  |b n  |2 rdamedia 
338 |a volume  |b nc  |2 rdacarrier 
600 1 0 |a See, Anik  |x Travel. 
650 0 |a Travel. 
938 |a Baker and Taylor  |b BTCP  |n BK0007727470 
938 |a Baker & Taylor  |b BKTY  |c 16.95  |d 12.71  |i 1552452077  |n 0007727470  |s active 
938 |a YBP Library Services  |b YANK  |n 2885752 
938 |a Coutts Information Services  |b COUT  |n 8324560  |c 11.95 GBP 
938 |a Blackwell Book Service  |b BBUS  |n R2754674  |c $16.95 
945 |a PromptCat  |b 637199 
946 |a stk 
947 |a A14837392176 
994 |a 92  |b TXA 
948 |a cataloged  |b h  |d 2009/3/4  |h c  |e asalazar  |f 12:50:39 pm 
999 |a MARS 
999 f f |s e7f6da70-559f-31a4-bfbb-6db9665c78a4  |i 4c44d7d4-fb71-3d38-a33a-964a4b19f9a5  |t 0 
952 f f |p normal  |a Texas A&M University  |b College Station  |c Sterling C. Evans Library  |d Evans: Library Stacks  |t 0  |e PR9199.4.S444 S28 2008  |h Library of Congress classification  |i unmediated -- volume  |m A14837392176 
998 f f |a PR9199.4.S444 S28 2008  |t 0  |l Evans: Library Stacks